Islands by Satellite Image #29 - Statistics

General Stats
  • This quiz has been taken 28 times
  • The average score is 4 of 16
Answer Stats
Picture Answer % Correct
Campbell Island
60%
Terschelling
60%
Elephant Island
40%
Lefkada
40%
Unimak
40%
Wellington Island
40%
Kish
20%
Langkawi
20%
Masirah
20%
Redonda
20%
Santo Antão
20%
Iso Mustasaari (Suomenlinna)
0%
Kosrae
0%
Prince George Island
0%
Taiping Island (Spratly Islands)
0%
Taveuni
0%
No matching quizzes found
Score Distribution
Percent of People with Each Score
Percentile by Number Answered
Your Score History
You have not taken this quiz